000 00843cas a2200253 4500
008
020 _a1860993109 (hbk.)
049 _aMAIN
090 _aHC241.2.P667 MAJ
245 0 0 _aMajor companies of Europe 2003 :
_bvolume 6 United Kingdom.
260 _aLondon :
_bGraham & Whiteside,
_c2002.
300 _a1197 p. ;
_c29 cm.
650 0 _aIndustries
_zEurope
_xDirectories.
651 0 _aEuropean Economic Community countries
_xIndustries
_xDirectories.
650 0 _aCorporations
_zEurope
_xDirectories.
650 0 _aCorporations
_zEuropean Economic Community countries
_xDirectories.
700 _aPaszkowska, Rebecca
700 _aOddy, Christine
907 _a.b10222984
_b28-02-07
_c15-12-06
003
005 20230123134313.0
040 _cNUST
942 _cBOOKS
_kHC241.2.P667 MAJ
999 _c163563
_d163563